El universo del Popol Vuh : análisis histórico, psicológico y filosófico del mito quiché /

Guardat en:
Dades bibliogràfiques
Autor principal: Megged, Nahum (autor)
Format: Llibre
Idioma:espanyol
Publicat: México : Guadalajara, México : Diana ; Universidad del Valle de Atemajac, 1992, c1991
Matèries:
Etiquetes: Afegir etiqueta
Sense etiquetes, Sigues el primer a etiquetar aquest registre!

MARC

LEADER 00000nam^a2200000^a^4500
001 000051655
005 20250526000000.0
009 20260526115414.771
020 |a 968-13-2219-3 
037 |a Acervo ITESO - Biblioteca 
041 |a ESP 
082 |a 972. 01  |b COD POP 
100 |a Megged, Nahum  |e (autor) 
245 1 3 |a El universo del Popol Vuh :  |b análisis histórico, psicológico y filosófico del mito quiché /  |c N. Megged. 
264 4 |a México :  |b Diana ;  |a Guadalajara, México :  |b Universidad del Valle de Atemajac,  |c 1992, c1991 
300 |a 388 p. ;  |c 21.0 cm. 
336 |a texto  |b txt  |2 rdacontenido 
337 |a sin mediación  |b n  |2 rdamedio 
338 |a volumen  |b nc  |2 rdasoporte 
649 |a XX 
650 |a Códices Prehispánicos -  |z Guatemala -  |x Historia y Crítica 
650 |a Quichés -  |x Historia 
650 |a Mayas -  |x Historia 
650 |a Indígenas de América Central -  |x Historia 
650 |a Guatemala -  |x Historia -  |y Epoca Prehispánica 
650 |a Literatura Quiché 
650 |a Literatura Maya 
650 |a Literatura Guatemalteca 
910 |a Fondo General 
920 |a Impresos - Libros 
930 |a Libros Antiguos y Raros 
905 |a 108 
901 |a 0500008722  |b IT2  |c LRA  |u 20250526 
902 |a https://opac.biblio.iteso.mx/vufind/Record/000051655